| 000 | 01089cam a2200277 a 4500 | ||
|---|---|---|---|
| 001 | 000005896 | ||
| 005 | 20200929151829.0 | ||
| 008 | 830126s1981 sp b s001 0 spa | ||
| 020 | _a8400047362 | ||
| 035 | _a(DLC) 81190934 | ||
| 040 |
_aDO-SdBNP _cDLC _dDLC _dBNPHU |
||
| 082 |
_a928.6 _bC149F |
||
| 100 | 1 |
_aFrutos, Eugenio, _d1903-1979. _916623 |
|
| 245 | 1 | 3 |
_aLa filosofía de Calderón en sus Autos sacramentales / _cEugenio Frutos. |
| 260 |
_aZaragoza, (España) : _bInstitución "Fernando el Católico" (C.S.I.C.) de la Excma. Diputación Provincial, _c1981. |
||
| 300 |
_a344 p. ; _c24 cm. |
||
| 490 | 1 |
_aPublicación de la Institución "Fernando el Católico" _v792 |
|
| 490 | 1 |
_aTesis doctorales _v5 |
|
| 504 | _aBibliografía: p. 331-336. | ||
| 600 | 1 | 0 |
_aCALDERÓN DE LA BARCA, PEDRO, _d1600-1681 _xPHILOSOFÍA. _916624 |
| 650 | 0 |
_aDrama religioso español _xHistoria y crítica. _916625 |
|
| 830 | 0 |
_aTesis doctorales ; _v5 _94085 |
|
| 830 | 0 |
_aPublicación de la Institución "Fernando el Católico" _v792 _913716 |
|
| 910 | _aCatalogación por copia / LC | ||
| 049 | _aBNGR | ||
| 999 |
_c5692 _d5692 |
||